000 02014ngm a2200409 4500
003 dpl
005 20080723110517.0
007 DVD
008 ||||||sp199 xxu|||||c|||| 00| 0 eng d
010 _aDVD-000443-445
024 _a01853
_c499.00
035 _aDVD-000443-445
040 _aDPL
_cDPL
082 _aDVD / PRED
245 _aPredator 2:
_c20th Century Fox Presents
_h[videorecording] DVD/
_bHe's coming to Town With a Few Days to Kill
260 _b20th Century Fox Homeentertainment
300 _a1 videodisc DVD; (107 min.) :
_bsd., col. ;
_c4 3/4 in.
_fDVD
440 _a20th Centyry Fox Home Entertainment
500 _aSole Distributor in India M/s. Excel Productions Autio Visuals Pvt. Ltd.
500 _aThe Predactor is back and this time its hunting in Los Angeles
500 _aSpecial Features- Interactive Menus, Scene Access, Multiple Language Subtitles, Origfinal Theratical Trailer
538 _aDolby Digital 5.1-English Subntitles: English, Cantonese, Thai, Korean, Mandarin
538 _aAspect Ratio: 1.85:1, Presentation type: Wide Screne, Presentation Size 16x9, Format DVD 9 Dual L Single Sided Disc.
650 _aMotion Picture
700 _aHopkins, Stephen
700 _aGlover, Danny
700 _aBusey, Gary
700 _aBlades, Ruben
700 _aConchita, Maria
700 _aPaxton, Bill
700 _aDavi, Robert
942 _cCF
_2ddc
_hDVD
_mPRED
999 _c15565
_d15565